000 00499nam a2200181Ia 4500
001 11184
005 20260306161927.0
008 260306t2021||||xx |||||||||||||| ||spa||
041 _aESP
082 _a985.01
_bT19
100 _aTantaleán, Henry,
_eAUT
245 0 _aLos antiguos estados andinos :
_buna arqueología de las formaciones políticas del Perú prehispánico
260 _c2021
300 _a419 páginas :
_c23 cm.
650 _aGEN
654 _aCHU
942 _cLIB
_dJUS
_fJUS
_2ddc
_n
999 _c11184
_d11184